000 00896nam a2200265 a 4500
001 000039148
003 DO-SdBNP
005 20240530073921.0
007 ta
008 130528s2012 dr 000 f spa d
020 _a9789945410709
040 _aDO-SdBNP
_bspa
_cBNPHU
082 4 _aRD863.44
_bB533i
_222
100 1 _aBerrido, Ofelia
_d1951-
_924626
245 1 3 _aEl infiel :
_buna novela de amor , desamor, de mentiras y crimen /
_cOfelia Berrido ; prólogo Marcio Veloz Maggiolo
260 _aSanto Domingo :
_bLetra Gráfica,
_c2012.
300 _a203 p. ;
_c24 cm.
500 _aIncluye datos biográficos de la autora en las solapas
590 _aInventariado, 2020/MFF
650 0 _aNovela dominicana
_9223
650 0 _aLiteratura dominicana.
_967
700 1 _aVeloz Maggiolo, Marcio,
_d1936-2021
_epról.
_91104
910 _aValidado. Control de calidad MFF
942 _2ddc
_cLBS1
999 _c38638
_d38638